The water supply of El Morro National Monument / (Record no. 30005)

MARC details
000 -LEADER
fixed length control field 01460cam a22003131 4500
001 - CONTROL NUMBER
control field gs 65000173
003 - CONTROL NUMBER IDENTIFIER
control field DLC
005 - DATE AND TIME OF LATEST TRANSACTION
control field 20260227111416.0
008 - FIXED-LENGTH DATA ELEMENTS--GENERAL INFORMATION
fixed length control field 780720s1965 dcuab b f000 0 eng c
010 ## - LIBRARY OF CONGRESS CONTROL NUMBER
LC control number gs 65000173
035 ## - SYSTEM CONTROL NUMBER
System control number (OCoLC)4071062
040 ## - CATALOGING SOURCE
Original cataloging agency U.S. Geol. Survey. Libr.
Transcribing agency CLS
Modifying agency OCoLC
-- DLC
042 ## - AUTHENTICATION CODE
Authentication code premarc
043 ## - GEOGRAPHIC AREA CODE
Geographic area code n-us-nm
050 00 - LIBRARY OF CONGRESS CALL NUMBER
Classification number TC801
Item number .U2 no. 1766
100 1# - MAIN ENTRY--PERSONAL NAME
Personal name West, Samuel Wilson,
Dates associated with a name 1921-
245 14 - TITLE STATEMENT
Title The water supply of El Morro National Monument /
Statement of responsibility, etc. by Sam W. West and Helene L. Baldwin.
260 ## - PUBLICATION, DISTRIBUTION, ETC.
Place of publication, distribution, etc. [Washington :
Name of publisher, distributor, etc. U.S. Dept. of the Interior, Geological Survey :
-- for sale by the Superintendent of Documents, U.S. Govt. Print. Off.,
Date of publication, distribution, etc. 1965]
300 ## - PHYSICAL DESCRIPTION
Extent v, 32 p. :
Other physical details illus., map ;
Dimensions 24 cm.
410 20 - SERIES STATEMENT/ADDED ENTRY--CORPORATE NAME [OBSOLETE, CAN/MARC], [LOCAL, USA]
Corporate name or jurisdiction name as entry element Geological Survey (U.S.)
Title of a work Water-supply paper
Volume number/sequential designation 1766
500 ## - GENERAL NOTE
General note Prepared in cooperation with the National Park Service.
501 ## - WITH NOTE
With note Copy 3 with : Ground-water geology of the Dickson, Lawrenceburg, and Waverly areas in the western Highland Rim, Tennessee. Washington : U.S. Govt. Print. Off., 1964. Bound together subsequent to publication.
Institution to which field applies DLC
504 ## - BIBLIOGRAPHY, ETC. NOTE
Bibliography, etc. note Bibliography: p. 30-32.
650 #0 - SUBJECT ADDED ENTRY--TOPICAL TERM
Topical term or geographic name entry element Groundwater
Geographic subdivision New Mexico
-- El Morro National Monument.
650 #0 - SUBJECT ADDED ENTRY--TOPICAL TERM
Topical term or geographic name entry element Water-supply
Geographic subdivision New Mexico
-- El Morro National Monument.
650 #0 - SUBJECT ADDED ENTRY--TOPICAL TERM
Topical term or geographic name entry element Geology
Geographic subdivision New Mexico
-- El Morro National Monument.
651 #0 - SUBJECT ADDED ENTRY--GEOGRAPHIC NAME
Geographic name El Morro National Monument (N.M.)
700 1# - ADDED ENTRY--PERSONAL NAME
Personal name Baldwin, Helene Louise,
Dates associated with a name 1920-
Relator term joint author.

No items available.

Powered by Koha